<?xml version="1.0" encoding="UTF-8"?>
<record
    xmlns:xsi="http://www.w3.org/2001/XMLSchema-instance"
    xsi:schemaLocation="http://www.loc.gov/MARC21/slim http://www.loc.gov/standards/marcxml/schema/MARC21slim.xsd"
    xmlns="http://www.loc.gov/MARC21/slim">

  <leader>00474nam a22001577a 4500</leader>
  <controlfield tag="005">20241223095738.0</controlfield>
  <controlfield tag="008">241223b        |||||||| |||| 00| 0 eng d</controlfield>
  <datafield tag="020" ind1=" " ind2=" ">
    <subfield code="a">81-8447-133-5</subfield>
  </datafield>
  <datafield tag="041" ind1=" " ind2=" ">
    <subfield code="a">mar</subfield>
  </datafield>
  <datafield tag="100" ind1=" " ind2=" ">
    <subfield code="a">&#x935;&#x93E;&#x933;&#x902;&#x92C;&#x947;, &#x92E;&#x94B;. &#x930;&#x93E;. </subfield>
  </datafield>
  <datafield tag="245" ind1=" " ind2=" ">
    <subfield code="a">&#x938;&#x941;&#x917;&#x92E; &#x92E;&#x930;&#x93E;&#x920;&#x940; &#x935;&#x94D;&#x92F;&#x93E;&#x915;&#x930;&#x923; &#x935; &#x932;&#x947;&#x916;&#x928;  : &#x938;&#x930;&#x93E;&#x935; &#x92A;&#x94D;&#x930;&#x936;&#x94D;&#x928;&#x938;&#x902;&#x91A; - ( MPSC )</subfield>
  </datafield>
  <datafield tag="250" ind1=" " ind2=" ">
    <subfield code="a">1st ed.</subfield>
  </datafield>
  <datafield tag="260" ind1=" " ind2=" ">
    <subfield code="a">Pune</subfield>
    <subfield code="b">Nitin </subfield>
  </datafield>
  <datafield tag="300" ind1=" " ind2=" ">
    <subfield code="a">9.12</subfield>
  </datafield>
  <datafield tag="942" ind1=" " ind2=" ">
    <subfield code="c">DB</subfield>
  </datafield>
  <datafield tag="999" ind1=" " ind2=" ">
    <subfield code="c">362341</subfield>
    <subfield code="d">362341</subfield>
  </datafield>
  <datafield tag="952" ind1=" " ind2=" ">
    <subfield code="0">0</subfield>
    <subfield code="1">0</subfield>
    <subfield code="2">ddc</subfield>
    <subfield code="4">0</subfield>
    <subfield code="7">0</subfield>
    <subfield code="a">SSMM</subfield>
    <subfield code="b">SSMM</subfield>
    <subfield code="d">2024-12-23</subfield>
    <subfield code="e">&#x92A;&#x94D;&#x930;&#x93E;. &#x914;&#x930;&#x902;&#x917;&#x93E;&#x92C;&#x93E;&#x926;&#x915;&#x930;, &#x906;&#x92E;&#x94D;&#x930;&#x92A;&#x93E;&#x932;&#x940;</subfield>
    <subfield code="g">225.00</subfield>
    <subfield code="p">SSMM-BK-29436</subfield>
    <subfield code="r">2024-12-23 00:00:00</subfield>
    <subfield code="w">2024-12-23</subfield>
    <subfield code="y">DB</subfield>
    <subfield code="z">010029436</subfield>
  </datafield>
</record>
